| 000 | 00501nam a2200181Ia 4500 | ||
|---|---|---|---|
| 999 |
_c28647 _d28647 |
||
| 003 | OSt | ||
| 005 | 20201125105538.0 | ||
| 008 | 190216s9999||||xx |||||||||||||| ||und|| | ||
| 020 | _a9798184230054 | ||
| 040 | _coclc | ||
| 082 |
_a894.8123 _bGAN/R |
||
| 100 |
_aGangopadyaya, Sunil _96802 |
||
| 245 | 0 |
_aRaktham / _cSunil Gangopadyaya |
|
| 260 |
_bGreen Books, _aThrissur: _c2006. |
||
| 300 | _a131p | ||
| 650 | _aNovel | ||
| 942 |
_cBK _2ddc _h894.8123 _iGAN/R _k894.8123 _mGAN/R |
||